00474nam a2200193Ia 4500003000400000005001700004008004100021020001800062040000700080041000800087082002200095100001900117245005100136260004100187300001400228365001300242650001200255650001300267OSt20250625112127.0210423s2010 xx 000 0 und d a9788132106463 cAL aeng a001.42 223bOLEE aO'LEARY (Zina) aEssential guide to doing your research project aLos AngelesbSage Publicationsc2010 ax,308bPB b450cINR aGeneral aResearch